| 000 | 00680nam a2200205Ia 4500 | ||
|---|---|---|---|
| 003 | GCL | ||
| 008 | 140319s9999 xx 000 0 ara d | ||
| 040 |
_aGCL / _cGCL |
||
| 082 | 0 | 4 |
_a928.1 _bم ع |
| 100 | 1 | _aمجيد طوبيا | |
| 245 | 1 | 0 |
_aعطر القناديل : _bمغامرة مستشرقة فى عالم يحيى حقى / _cمجيد طوبيا |
| 250 | _aالاولى | ||
| 260 |
_aالقاهرة : _bالمجلس الاعلى للثقافة ، _c2005 |
||
| 300 |
_a129 ص ؛ _c20 سم |
||
| 650 | 0 | 4 | _aالتراجم الادبية |
| 650 | 0 | 4 | _aالادباء العرب |
| 650 | 0 | 4 | _aيحيى حقى |
| 650 | 0 | 4 | _aالرجال - تراجم |
| 942 |
_2ddc _cBK |
||
| 999 |
_c56376 _d56376 |
||